[Event "BCF-ch 92nd"]
[Site "Douglas IOM"]
[Date "2005.08.10"]
[Round "9.5"]
[White "Morrison, Graham"]
[Black "Emms, John"]
[Result "0-1"]
[WhiteElo "2322"]
[BlackElo "2509"]
[PlyCount "118"]
[EventDate "2005.08.01"]

1. Nf3 c5 2. c4 Nc6 3. Nc3 Nd4 4. e3 Nxf3+ 5. Qxf3 g6 6. b3 Bg7 7. Bb2 d6 8. g4
Rb8 9. Qg3 Nf6 10. f3 a6 11. h4 h5 12. g5 Nd7 13. Rb1 O-O 14. Be2 Ne5 15. f4
Nc6 16. Nd5 Bf5 17. d3 b5 18. Bxg7 Kxg7 19. O-O bxc4 20. bxc4 Qa5 21. Qe1 Rxb1
22. Qxb1 Rb8 23. Qa1+ Kh7 24. Rd1 Rb7 25. Bf3 Rb8 26. Nf6+ exf6 27. Bxc6 fxg5
28. hxg5 Be6 29. Be4 Qd8 30. Rb1 Rxb1+ 31. Qxb1 d5 32. cxd5 Bxd5 33. Bxd5 Qxd5
34. Kf2 c4 35. dxc4 Qxc4 36. Qb2 a5 37. Qd2 a4 38. Kg1 a3 39. Kf2 Qc6 40. Qd3
h4 41. f5 gxf5 42. Qxf5+ Kg8 43. Qg4 Qc2+ 44. Kf3 Qd1+ 45. Kf4 Qd6+ 46. Kf3
Qd5+ 47. Qe4 Qxg5 48. Qa8+ Kg7 49. Qxa3 Qg3+ 50. Ke2 Qg2+ 51. Ke1 h3 52. Qc3+
Kg6 53. Qd3+ Kg5 54. Qf1 Qg3+ 55. Qf2 Kg4 56. Kf1 h2 57. Qg2 f5 58. a4 Kh4 59.
a5 Qh3 0-1

[Event "BCF-ch 92nd"]
[Site "Douglas IOM"]
[Date "2005.08.10"]
[Round "9.6"]
[White "Woodward, Timothy"]
[Black "Ashton, Adam"]
[Result "1/2-1/2"]
[WhiteElo "2313"]
[BlackElo "2294"]
[PlyCount "45"]
[EventDate "2005.08.01"]

1. d4 d5 2. c4 e5 3. cxd5 Qxd5 4. e3 exd4 5. Nc3 Bb4 6. exd4 Nc6 7. Nf3 Bg4 8.
Be2 Bxf3 9. Bxf3 Qc4 10. Bxc6+ bxc6 11. Qe2+ Qxe2+ 12. Kxe2 O-O-O 13. Be3 Ne7
14. Rhd1 Nf5 15. a3 Ba5 16. g4 Ne7 17. b4 Bb6 18. Rac1 Rd7 19. Na4 Rhd8 20. Nc5
Rd5 21. Nb3 Kb7 22. Rc4 R8d6 23. Rb1 1/2-1/2

[Event "BCF-ch 92nd"]
[Site "Douglas IOM"]
[Date "2005.08.10"]
[Round "9.8"]
[White "Pert, Richard"]
[Black "Storey, Charles"]
[Result "1-0"]
[WhiteElo "2424"]
[BlackElo "2211"]
[PlyCount "43"]
[EventDate "2005.08.01"]

1. d4 g6 2. e4 Bg7 3. Nf3 c5 4. dxc5 Qa5+ 5. c3 Qxc5 6. Na3 Bxc3+ 7. bxc3 Qxc3+
8. Qd2 Qxa1 9. Nb5 Kd8 10. Nc3 Nc6 11. Bd3 Nb4 12. Bb1 b6 13. O-O Ba6 14. Rd1
Nf6 15. Bb2 Qxb1 16. Nxb1 Nd3 17. Bxf6 exf6 18. Qc3 Rc8 19. Qxf6+ Kc7 20. Ne5
Kb7 21. Nxd3 Bxd3 22. Nc3 1-0

[Event "BCF-ch 92nd"]
[Site "Douglas IOM"]
[Date "2005.08.10"]
[Round "9.9"]
[White "Jessel, Stephen"]
[Black "Sowray, Peter"]
[Result "1-0"]
[WhiteElo "2285"]
[BlackElo "2364"]
[PlyCount "77"]
[EventDate "2005.08.01"]

1. e4 c5 2. Nf3 Nc6 3. d4 cxd4 4. Nxd4 Nf6 5. Nc3 d6 6. Be2 e5 7. Nf3 h6 8. O-O
Be7 9. Re1 O-O 10. h3 Be6 11. Bf1 Qc7 12. Nd5 Bxd5 13. exd5 Nb8 14. c4 Nfd7 15.
Nd4 Nc5 16. Nf5 Bg5 17. b4 Nca6 18. a3 Qd8 19. Bd3 Qf6 20. Qg4 Bxc1 21. Raxc1
g6 22. Nxh6+ Kh7 23. Nf5 gxf5 24. Bxf5+ Kh6 25. f4 Nc7 26. fxe5 dxe5 27. Rxe5
Rg8 28. Qxg8 Qxe5 29. Qh7+ Kg5 30. Rf1 Qd4+ 31. Rf2 Nba6 32. h4+ Kf6 33. Bg4+
Ke5 34. Qf5+ Kd6 35. Qd7+ Ke5 36. Qe7+ Ne6 37. Qf6+ Kd6 38. dxe6 Qxg4 39. exf7+
1-0

[Event "BCF-ch 92nd"]
[Site "Douglas IOM"]
[Date "2005.08.10"]
[Round "9.10"]
[White "Rudd, Jack"]
[Black "White, Michael JR"]
[Result "0-1"]
[WhiteElo "2268"]
[BlackElo "2200"]
[PlyCount "56"]
[EventDate "2005.08.01"]

1. e4 e5 2. Nf3 Nc6 3. Bc4 Nf6 4. d4 exd4 5. O-O Bc5 6. e5 d5 7. exf6 dxc4 8.
Re1+ Be6 9. Ng5 Qd5 10. Nc3 Qf5 11. Nce4 O-O-O 12. Nxe6 fxe6 13. g4 Qe5 14. Bg5
Bb6 15. fxg7 Qxg7 16. Bxd8 Rxd8 17. Ng3 d3 18. c3 Rf8 19. Rf1 Ne5 20. h3 Nf3+
21. Kg2 Nh4+ 22. Kh1 Bxf2 23. Qa4 Qf6 24. Qd1 Qe5 25. Rxf2 Rxf2 26. Qe1 Re2 27.
Nxe2 Qe4+ 28. Kh2 Qg2# 0-1

[Event "BCF-ch 92nd"]
[Site "Douglas IOM"]
[Date "2005.08.10"]
[Round "9.15"]
[White "Therrien, Alex"]
[Black "Mitchell, Martin"]
[Result "1/2-1/2"]
[WhiteElo "2294"]
[BlackElo "2172"]
[PlyCount "130"]
[EventDate "2005.08.01"]

1. e4 c5 2. Nf3 Nc6 3. d4 cxd4 4. Nxd4 Nf6 5. Nc3 e5 6. Ndb5 d6 7. Bg5 a6 8.
Na3 b5 9. Bxf6 gxf6 10. Nd5 f5 11. Bd3 Be6 12. Qh5 Rg8 13. c3 Rxg2 14. Qf3 Rg8
15. exf5 Bxd5 16. Qxd5 Qc7 17. Nc2 Rb8 18. f6 Bh6 19. Bxh7 Rg4 20. Rd1 Rd8 21.
Bf5 Rg8 22. Be4 Na5 23. Nb4 Qb6 24. b3 Be3 25. fxe3 Qxe3+ 26. Kf1 Rg4 27. Bf3
Rf4 28. Kg2 e4 29. Rhf1 Rxf3 30. Rde1 Rf2+ 31. Rxf2 Qxe1 32. Nxa6 Qxc3 33.
Qxe4+ Qe5 34. Qxe5+ dxe5 35. Nc7+ Kd7 36. Nxb5 Ke6 37. Nc3 Rd4 38. Kf1 Nb7 39.
Ke2 Nc5 40. Nb5 Re4+ 41. Kd1 Nd3 42. Rd2 Re1+ 43. Kc2 e4 44. Kc3 Kxf6 45. Kd4
Ke6 46. Nc3 f5 47. Re2 Rxe2 48. Nxe2 Nb4 49. a4 Nc6+ 50. Kc5 Ke5 51. Kxc6 f4
52. a5 f3 53. Ng3 e3 54. a6 e2 55. a7 e1=Q 56. a8=Q Qc3+ 57. Kd7 Qd3+ 58. Kc8
Qc3+ 59. Kd8 Qd3+ 60. Kc8 Qc3+ 61. Kd7 Qd3+ 62. Kc7 Qd6+ 63. Kb7 Qb4+ 64. Kc6
Qc3+ 65. Kd7 Qd3+ 1/2-1/2

[Event "BCF-ch 92nd"]
[Site "Douglas IOM"]
[Date "2005.08.10"]
[Round "9.17"]
[White "Tippleston, Charles"]
[Black "Surtees, Mike"]
[Result "1-0"]
[WhiteElo "2203"]
[BlackElo "2142"]
[PlyCount "95"]
[EventDate "2005.08.01"]

1. e4 c6 2. d4 d5 3. Nd2 Nh6 4. c3 a5 5. h3 Na6 6. Ngf3 f6 7. Bd3 Nf7 8. Qe2 g6
9. e5 Bg7 10. exf6 Bxf6 11. O-O a4 12. Re1 Nc7 13. Nf1 Qd6 14. Ne5 Bxe5 15.
dxe5 Qd8 16. Bf4 Ne6 17. Bh2 b6 18. Rad1 Nc5 19. Bc2 Ba6 20. Qe3 Bxf1 21. Rxf1
e6 22. f4 Rg8 23. Kh1 Qh4 24. Rd4 Qh6 25. c4 Rg7 26. cxd5 cxd5 27. Rb4 Nd8 28.
Rxb6 Rc7 29. Rb5 Ndb7 30. Rb4 Qg7 31. g4 Qe7 32. a3 Na5 33. Bxa4+ Kd8 34. Bb5
Rac8 35. f5 Nd7 36. f6 Qc5 37. Qe1 d4 38. Qe4 Nc6 39. Bxc6 Rxc6 40. Qxd4 Ke8
41. Rd1 Qxd4 42. Rbxd4 Nb6 43. Rb4 Nd5 44. Rb7 Rc1 45. Rg1 Rxg1+ 46. Bxg1 Nf4
47. Be3 Nd5 48. f7+ 1-0

[Event "BCF-ch 92nd"]
[Site "Douglas IOM"]
[Date "2005.08.10"]
[Round "9.18"]
[White "Waters, Michael"]
[Black "Dignam, Matthew P"]
[Result "0-1"]
[WhiteElo "2125"]
[BlackElo "2194"]
[PlyCount "52"]
[EventDate "2005.08.01"]

1. e4 d6 2. Bc4 Nf6 3. d3 c6 4. Nc3 d5 5. Bb3 Na6 6. Bg5 Nc5 7. f4 a5 8. e5 a4
9. exf6 exf6 10. Bh4 axb3 11. axb3 Rxa1 12. Qxa1 Ne6 13. Nge2 Bc5 14. Na4 Qe7
15. Nxc5 Nxf4 16. Kd2 Qxe2+ 17. Kc3 d4+ 18. Kxd4 Ne6+ 19. Nxe6 Qe5+ 20. Kc4
Bxe6+ 21. Kb4 c5+ 22. Kb5 Bd7+ 23. Kb6 Qd6+ 24. Ka7 O-O 25. Bg3 Qc6 26. Qa5 b6
0-1

[Event "BCF-ch 92nd"]
[Site "Douglas IOM"]
[Date "2005.08.10"]
[Round "9.19"]
[White "Bonafont, Philip"]
[Black "Pym, Thomas"]
[Result "0-1"]
[WhiteElo "2116"]
[BlackElo "2099"]
[PlyCount "66"]
[EventDate "2005.08.01"]

1. d4 Nf6 2. Nf3 c5 3. d5 g6 4. Nc3 d6 5. e4 a6 6. a4 Bg7 7. Be2 O-O 8. O-O e6
9. Nd2 exd5 10. exd5 Nbd7 11. Nc4 Nb6 12. Ne3 Rb8 13. a5 Na8 14. Nc4 b5 15.
axb6 Nxb6 16. Na5 Qc7 17. Bf4 Re8 18. Bf3 Na8 19. Nc4 Rb4 20. b3 Rd8 21. Qd2
Nb6 22. Na5 Rd4 23. Qc1 Nfxd5 24. Nxd5 Nxd5 25. Bg5 Re8 26. Nc4 Nc3 27. Be3 Rh4
28. Bg5 Rhe4 29. Be3 Bg4 30. Bxg4 Rxg4 31. Kh1 d5 32. Na3 Ne2 33. Qd1 Qxh2+ 0-1

[Event "BCF-ch 92nd"]
[Site "Douglas IOM"]
[Date "2005.08.10"]
[Round "9.22"]
[White "Ilett, Raymond"]
[Black "Chaplin, Peter"]
[Result "0-1"]
[WhiteElo "1824"]
[BlackElo "2062"]
[PlyCount "46"]
[EventDate "2005.08.01"]

1. d4 Nf6 2. c4 e5 3. dxe5 Ne4 4. Nf3 Nc6 5. a3 d6 6. exd6 Bxd6 7. Nbd2 Bf5 8.
Nxe4 Bxe4 9. Bg5 f6 10. Bh4 Qe7 11. Nd2 O-O-O 12. f3 Bf4 13. Nxe4 Rxd1+ 14.
Rxd1 Qe5 15. Nc3 Nd4 16. e4 Nc2+ 17. Ke2 Qc5 18. Kd3 Ne3 19. b3 Nxd1 20. Nxd1
Rd8+ 21. Kc2 Rxd1 22. Kxd1 Qd4+ 23. Kc2 Qd2+ 0-1

[Event "BCF-ch 92nd"]
[Site "Douglas IOM"]
[Date "2005.08.10"]
[Round "9.23"]
[White "Taylor, Geoffrey"]
[Black "Humphreys, Jerry"]
[Result "1/2-1/2"]
[WhiteElo "2135"]
[BlackElo "2115"]
[PlyCount "107"]
[EventDate "2005.08.01"]

1. e4 c5 2. Nf3 e6 3. d4 cxd4 4. Nxd4 Nf6 5. Nc3 d6 6. Be2 Be7 7. Be3 a6 8. a4
Nc6 9. O-O Qc7 10. f4 O-O 11. Nb3 Na5 12. Nxa5 Qxa5 13. Qe1 Kh8 14. Bf3 Bd7 15.
Qg3 e5 16. Rfd1 Bc6 17. Nd5 Bxd5 18. exd5 e4 19. Be2 Rac8 20. c4 Qb4 21. Bd4
Ne8 22. Qe3 f5 23. b3 Bf6 24. g4 Bxd4 25. Rxd4 g6 26. g5 Nc7 27. Rc1 Qc5 28.
Kf2 Kg8 29. b4 Qxb4 30. c5 Qb2 31. Rcd1 Ne8 32. R1d2 Qc1 33. Rc4 Qh1 34. Kg3
Qe1+ 35. Kh3 Rf7 36. c6 b5 37. axb5 axb5 38. Rc3 Qa1 39. Bxb5 h6 40. gxh6 Rh7
41. Kg2 Rb8 42. Be2 Rb2 43. Rdc2 Rxc2 44. Rxc2 Qf6 45. Qg3 Nc7 46. Qb3 Qd8 47.
Rb2 Kf8 48. Ra2 g5 49. Ra7 gxf4 50. Kh1 Rxh6 51. Bf1 Qh4 52. h3 Qe1 53. Rxc7
Qxf1+ 54. Kh2 1/2-1/2

[Event "BCF-ch 92nd"]
[Site "Douglas IOM"]
[Date "2005.08.11"]
[Round "10.1"]
[White "Conquest, Stuart"]
[Black "Rowson, Jonathan"]
[Result "0-1"]
[WhiteElo "2503"]
[BlackElo "2599"]
[PlyCount "114"]
[EventDate "2005.08.01"]

1. e4 c5 2. Nf3 d6 3. d4 cxd4 4. Nxd4 Nf6 5. Nc3 a6 6. a4 g6 7. Be2 Bg7 8. Be3
O-O 9. O-O Nc6 10. f4 Bg4 11. Nb3 Qc8 12. Kh1 Bxe2 13. Qxe2 Qg4 14. Rf3 Rac8
15. Rd1 Qh5 16. Bg1 Rfe8 17. Qf1 b5 18. axb5 axb5 19. Re1 b4 20. Nb5 d5 21. e5
Ne4 22. Qd3 e6 23. N3d4 Qh4 24. Ra1 Nxd4 25. Bxd4 Ra8 26. Rg1 Qe7 27. Nd6 Nxd6
28. Bc5 Qb7 29. Bxd6 Bf8 30. Bxf8 Rxf8 31. Qd2 Qe7 32. Rb3 Rfc8 33. f5 exf5 34.
Qxd5 Rab8 35. Re3 Rc5 36. Qb3 Rxe5 37. Rxe5 Qxe5 38. h3 Rc8 39. Rd1 Qe2 40. Rd7
Rc4 41. Rb7 f4 42. Qf3 Qxf3 43. gxf3 Kg7 44. b3 Rxc2 45. Rxb4 g5 46. Kg1 Kg6
47. Rb7 h6 48. b4 Rb2 49. b5 Kh5 50. Kf1 Kh4 51. Ke1 Kxh3 52. Kd1 Kg3 53. Kc1
Rb4 54. Kc2 Kxf3 55. Kc3 Rb1 56. Kc2 Re1 57. Rxf7 Re6 0-1

[Event "BCF-ch 92nd"]
[Site "Douglas IOM"]
[Date "2005.08.11"]
[Round "10.2"]
[White "Emms, John"]
[Black "Greet, Andrew"]
[Result "1-0"]
[WhiteElo "2509"]
[BlackElo "2425"]
[PlyCount "107"]
[EventDate "2005.08.01"]

1. e4 e5 2. Nf3 Nc6 3. Bc4 Bc5 4. c3 Nf6 5. d3 a6 6. Bb3 Ba7 7. Nbd2 O-O 8. Nc4
d5 9. exd5 Nxd5 10. O-O f6 11. Re1 Kh8 12. h3 Re8 13. Be3 Nxe3 14. Nxe3 Na5 15.
Bc2 Be6 16. d4 exd4 17. Nxd4 Bg8 18. Qg4 Bxd4 19. cxd4 Nc6 20. d5 Ne5 21. Qh4
Qd6 22. Red1 Qf8 23. Rac1 Rad8 24. Bb1 Re7 25. Qb4 c6 26. dxc6 Nxc6 27. Qb6
Red7 28. Rxd7 Rxd7 29. Be4 Qd8 30. Qxd8 Nxd8 31. a3 g6 32. Rc8 Kg7 33. Kf1 Be6
34. Ke1 Kf7 35. Bf3 Ke7 36. Nc4 Rd1+ 37. Kxd1 Bxc8 38. Kd2 Be6 39. Kc3 Kd7 40.
Kd4 Bf7 41. Kc5 Kc7 42. Bd5 Ne6+ 43. Bxe6 Bxe6 44. Nb6 g5 45. Nd5+ Bxd5 46.
Kxd5 Kd7 47. g4 Ke7 48. Kc5 Kd7 49. Kb6 Kc8 50. a4 Kb8 51. b4 Kc8 52. Ka7 a5
53. b5 Kc7 54. Ka8 1-0

[Event "BCF-ch 92nd"]
[Site "Douglas IOM"]
[Date "2005.08.11"]
[Round "10.3"]
[White "Gordon, Stephen"]
[Black "Ward, Chris"]
[Result "1-0"]
[WhiteElo "2390"]
[BlackElo "2485"]
[PlyCount "101"]
[EventDate "2005.08.01"]

1. d4 Nf6 2. c4 e6 3. Nf3 c5 4. d5 d6 5. Nc3 exd5 6. cxd5 g6 7. e4 Bg7 8. Nd2
O-O 9. Be2 Na6 10. O-O Nc7 11. a4 b6 12. f3 Nfe8 13. Nc4 Ba6 14. Be3 Rb8 15.
Qd2 Bxc4 16. Bxc4 a6 17. Rae1 b5 18. axb5 axb5 19. Bd3 c4 20. Bb1 Nf6 21. Ne2
Nd7 22. Nd4 Qf6 23. Re2 Nc5 24. Nc6 Nb3 25. Qe1 Rbe8 26. h4 h6 27. Qg3 Bh8 28.
Rd1 Kh7 29. h5 Na6 30. f4 Nac5 31. e5 Qg7 32. hxg6+ fxg6 33. e6 Qf6 34. Nd4 b4
35. f5 g5 36. Qxd6 c3 37. Nxb3 Nxb3 38. Qxb4 Nd2 39. Bxd2 cxd2 40. Rdxd2 Rb8
41. Qe4 Rfc8 42. d6 Rc1+ 43. Re1 Rb4 44. Rxc1 Rxe4 45. Bxe4 Qe5 46. Rc7+ Bg7
47. Rc4 Bf6 48. e7 h5 49. Re2 Qxd6 50. e8=Q Qd1+ 51. Kh2 1-0

[Event "BCF-ch 92nd"]
[Site "Douglas IOM"]
[Date "2005.08.11"]
[Round "10.4"]
[White "Haslinger, Stewart"]
[Black "Williams, Simon"]
[Result "1-0"]
[WhiteElo "2412"]
[BlackElo "2461"]
[PlyCount "85"]
[EventDate "2005.08.01"]

1. e4 e6 2. d4 d5 3. Nd2 Nf6 4. e5 Nfd7 5. c3 c5 6. Bd3 Nc6 7. Ne2 cxd4 8. cxd4
f6 9. exf6 Nxf6 10. Nf3 Bd6 11. O-O Qc7 12. Bg5 O-O 13. Rc1 Nh5 14. Nc3 a6 15.
Ne5 Nf4 16. Bxf4 Rxf4 17. Nxc6 bxc6 18. Ne2 Rh4 19. f4 Bb7 20. Qd2 Rf8 21. g3
Rh6 22. b4 Qb6 23. a3 Rhf6 24. Kg2 g6 25. Qc3 e5 26. dxe5 c5 27. bxc5 d4+ 28.
Kf2 dxc3 29. cxb6 Bxe5 30. Kg1 Bb8 31. Nxc3 Rxb6 32. Be4 Ba7 33. Kh1 Rc6 34.
Nd5 Kg7 35. Rxc6 Bxc6 36. Nc3 Rc8 37. Rd1 Be8 38. Rd3 Rc4 39. Bd5 Rc5 40. Kg2
Ra5 41. Ne4 Rb5 42. Kf3 Bb6 43. Nd6 1-0

[Event "BCF-ch 92nd"]
[Site "Douglas IOM"]
[Date "2005.08.11"]
[Round "10.6"]
[White "White, Michael JR"]
[Black "Pert, Richard"]
[Result "0-1"]
[WhiteElo "2200"]
[BlackElo "2424"]
[PlyCount "92"]
[EventDate "2005.08.01"]

1. e4 c5 2. Nf3 Nc6 3. d4 cxd4 4. Nxd4 g6 5. Be2 Bg7 6. Nb3 Nf6 7. Nc3 d6 8.
O-O O-O 9. Be3 Be6 10. Nd4 Bd7 11. h3 Rc8 12. Qd2 a6 13. f4 b5 14. Bf3 Qc7 15.
a3 Na5 16. Qf2 Nc4 17. Bc1 Qc5 18. Nde2 Qxf2+ 19. Rxf2 Bc6 20. g4 Nd7 21. b3
Ncb6 22. Bb2 Nc5 23. Rb1 e6 24. Kf1 Ba8 25. Ng3 Bd4 26. Re2 f5 27. gxf5 Bxc3
28. Bxc3 exf5 29. Nxf5 Rxf5 30. exf5 Bxf3 31. Re7 Ne4 32. Bd4 Ng3+ 33. Kf2 Nxf5
34. Bxb6 Nxe7 35. Kxf3 Rxc2 36. h4 Kf7 37. h5 gxh5 38. Ke4 Ke6 39. a4 bxa4 40.
b4 a3 41. Re1 Rb2 42. f5+ Kf7 43. f6 Rxb4+ 44. Kd3 Rxb6 45. fxe7 Ke8 46. Kc3 a5
0-1

[Event "BCF-ch 92nd"]
[Site "Douglas IOM"]
[Date "2005.08.11"]
[Round "10.7"]
[White "Woodward, Timothy"]
[Black "Jessel, Stephen"]
[Result "1/2-1/2"]
[WhiteElo "2313"]
[BlackElo "2285"]
[PlyCount "110"]
[EventDate "2005.08.01"]

1. d4 d5 2. c4 e6 3. Nc3 Nf6 4. cxd5 exd5 5. Bg5 Be7 6. e3 Nbd7 7. Bd3 O-O 8.
Nf3 c6 9. Qc2 Re8 10. O-O-O Nf8 11. h3 Be6 12. Kb1 Qa5 13. g4 Ne4 14. Bxe7
Nxc3+ 15. Qxc3 Qxc3 16. bxc3 Rxe7 17. Kc2 c5 18. Kd2 Rc8 19. Rb1 Rec7 20. Rb2
Nd7 21. a4 Nf6 22. Rhb1 Ne4+ 23. Bxe4 dxe4 24. Ne1 b6 25. a5 bxa5 26. Ra1 h5
27. gxh5 Bxh3 28. Rxa5 Bg4 29. Nc2 Bxh5 30. Rba2 Rc6 31. Rxc5 Rxc5 32. dxc5
Rxc5 33. Rxa7 Rf5 34. Ke1 Rc5 35. Ra3 Rg5 36. Kf1 Bf3 37. Nd4 Rh5 38. Nxf3 exf3
39. Kg1 Rg5+ 40. Kf1 Rh5 41. Kg1 Rg5+ 42. Kf1 Rb5 43. Ra1 Rb2 44. Rc1 g5 45. c4
Kf8 46. c5 Ke7 47. c6 Kd8 48. c7+ Kc8 49. Kg1 g4 50. Rc4 f5 51. Rc5 Rb1+ 52.
Kh2 Rf1 53. Rc2 Re1 54. Rc5 Rf1 55. Rc2 Re1 1/2-1/2

[Event "BCF-ch 92nd"]
[Site "Douglas IOM"]
[Date "2005.08.11"]
[Round "10.9"]
[White "Ashton, Adam"]
[Black "Morrison, Graham"]
[Result "1/2-1/2"]
[WhiteElo "2294"]
[BlackElo "2322"]
[PlyCount "67"]
[EventDate "2005.08.01"]

1. e4 c5 2. Nf3 e6 3. d4 cxd4 4. Nxd4 Nf6 5. Nc3 d6 6. g4 h6 7. h4 Nc6 8. Rg1
d5 9. Bb5 Bd7 10. exd5 Nxd5 11. Nxd5 exd5 12. Be3 Be7 13. Qd2 Nxd4 14. Bxd7+
Qxd7 15. Qxd4 Bf6 16. Qb4 Qe7 17. Qb5+ Qd7 18. Qb4 Qe7 19. Qxe7+ Bxe7 20. h5 b6
21. O-O-O O-O-O 22. Rd3 Rd7 23. Rgd1 Rhd8 24. a4 Bf6 25. Bd4 Bxd4 26. Rxd4 Kc7
27. Re1 Kc6 28. Kd2 Rd6 29. Re7 R8d7 30. Re8 Rd8 31. Rxd8 Rxd8 32. Rf4 Rd7 33.
Rf5 Kd6 34. Rf3 1/2-1/2

[Event "BCF-ch 92nd"]
[Site "Douglas IOM"]
[Date "2005.08.11"]
[Round "10.11"]
[White "Dignam, Matthew P"]
[Black "Rudd, Jack"]
[Result "0-1"]
[WhiteElo "2194"]
[BlackElo "2268"]
[PlyCount "114"]
[EventDate "2005.08.01"]

1. d4 Nf6 2. Nc3 d6 3. e4 c6 4. f4 Qa5 5. Qf3 d5 6. e5 Ne4 7. Bd3 Na6 8. Nge2
Nb4 9. O-O Nxd3 10. cxd3 Nxc3 11. bxc3 g6 12. a4 h5 13. h3 Bd7 14. Ba3 O-O-O
15. Bb4 Qc7 16. c4 Be6 17. c5 Bh6 18. a5 a6 19. Ra2 f6 20. Rb2 Rdf8 21. Qg3 Bf5
22. Bd2 Rhg8 23. Rfb1 g5 24. fxg5 fxg5 25. Rb3 e6 26. Qe1 Rf7 27. Ng3 Bg6 28.
Qe2 h4 29. Nh5 Bf5 30. Nf6 Rh8 31. Kh1 Qd8 32. Qh5 Rg7 33. Rf1 Qf8 34. Ng4 Rf7
35. Nxh6 Rxh6 36. Qxg5 Rg6 37. Qf4 Qg8 38. Rf2 Rfg7 39. Qh2 Rg3 40. Bf4 Bxh3
41. Rbb2 Rxd3 42. Rbd2 Rc3 43. Rc2 Rxc2 44. Rxc2 Bf5 45. Rf2 Rg4 46. Kg1 Kb8
47. Kf1 Qd8 48. Ra2 Bb1 49. Ra3 Qf8 50. Rf3 Be4 51. Rf2 Bxg2+ 52. Rxg2 Rxf4+
53. Rf2 Rxf2+ 54. Qxf2 Qxf2+ 55. Kxf2 b5 56. cxb6 c5 57. dxc5 h3 0-1

[Event "BCF-ch 92nd"]
[Site "Douglas IOM"]
[Date "2005.08.11"]
[Round "10.12"]
[White "Mason, Don"]
[Black "Hall, Daniel J"]
[Result "1-0"]
[WhiteElo "2265"]
[BlackElo "2036"]
[PlyCount "69"]
[EventDate "2005.08.01"]

1. e4 d5 2. exd5 Nf6 3. Bb5+ Nbd7 4. Nf3 Nxd5 5. d4 c6 6. Be2 N7f6 7. c4 Nb6 8.
Ne5 g6 9. Nc3 Bg7 10. Be3 Be6 11. b3 Nfd7 12. Nf3 c5 13. Rc1 Rc8 14. d5 Bg4 15.
h3 Bxf3 16. Bxf3 Ne5 17. Be2 O-O 18. Ne4 Ned7 19. Qd2 Qc7 20. f4 f5 21. Ng5 Qd6
22. Ne6 Rf7 23. b4 Na4 24. Bd1 Bc3 25. Rxc3 Nxc3 26. Qxc3 cxb4 27. Qd4 b6 28.
O-O Nc5 29. Ng5 Rf6 30. Bc1 Ne4 31. Nxe4 fxe4 32. Bb2 Qc7 33. Qxe4 Qc5+ 34. Bd4
Qxc4 35. Bb3 1-0

[Event "BCF-ch 92nd"]
[Site "Douglas IOM"]
[Date "2005.08.11"]
[Round "10.13"]
[White "Hodgson, John"]
[Black "Nixon, Thomas"]
[Result "1/2-1/2"]
[WhiteElo "2225"]
[BlackElo "2195"]
[PlyCount "58"]
[EventDate "2005.08.01"]

1. e4 e5 2. Nf3 Nc6 3. Bb5 a6 4. Ba4 Nf6 5. O-O Be7 6. Bxc6 dxc6 7. Qe1 Nd7 8.
b3 c5 9. Bb2 Bd6 10. a4 Qe7 11. Na3 Nf8 12. Nc4 Ng6 13. d3 h5 14. Kh1 h4 15. h3
Qf6 16. Nh2 Nf4 17. Qd1 Qg6 18. Ne3 f6 19. Rg1 Be6 20. Neg4 Qf7 21. Bc1 Ng6 22.
Bd2 Qd7 23. Ne3 Ne7 24. Bc3 Nc6 25. Rf1 Nd4 26. Neg4 Qc6 27. Nf3 Qd7 28. Nxd4
cxd4 29. Bd2 Bxg4 1/2-1/2

[Event "BCF-ch 92nd"]
[Site "Douglas IOM"]
[Date "2005.08.11"]
[Round "10.14"]
[White "Storey, Charles"]
[Black "Tippleston, Charles"]
[Result "1-0"]
[WhiteElo "2211"]
[BlackElo "2203"]
[PlyCount "203"]
[EventDate "2005.08.01"]

1. f4 g6 2. e4 d5 3. e5 c5 4. b4 cxb4 5. a3 Nc6 6. axb4 Nxb4 7. c3 Nc6 8. d4 h5
9. Nf3 Nh6 10. Be2 Bg7 11. O-O Bg4 12. h3 Bxf3 13. Bxf3 e6 14. Na3 Nf5 15. Rf2
h4 16. Be2 a6 17. Bd3 Kf8 18. Nc2 Kg8 19. Ne1 b5 20. Rfa2 Qb6 21. Qb3 Ncxd4 22.
cxd4 Nxd4 23. Be3 Nxb3 24. Bxb6 Nxa1 25. Rxa1 g5 26. Bd4 gxf4 27. Bxb5 a5 28.
Nd3 Rh5 29. Ba4 Rg5 30. Bd1 a4 31. Bg4 a3 32. Kf2 Ra4 33. Bc3 d4 34. Bb4 Bxe5
35. Be7 f6 36. Bxe6+ Kg7 37. Bb3 Ra7 38. Bc5 Rc7 39. Bd1 f5 40. Bf3 Kh7 41.
Rxa3 Rg8 42. Ra5 Bg7 43. Nxf4 Re8 44. Bd1 Be5 45. Ba4 Rb8 46. Ne6 Rb2+ 47. Kf3
Rc8 48. Ra7+ Kh8 49. Rf7 d3 50. Rxf5 Bc3 51. Rh5+ Kg8 52. Rxh4 d2 53. Rc4 Bf6
54. g4 Re8 55. Re4 Rb1 56. g5 Ba1 57. Bf2 d1=Q+ 58. Bxd1 Rxd1 59. Kg4 Rd6 60.
Kf5 Rd5+ 61. Kg4 Rd6 62. Nc5 Rf8 63. Be3 Rd5 64. h4 Re5 65. Rxe5 Bxe5 66. h5
Rf1 67. Nd3 Bd6 68. Nf2 Re1 69. Bd4 Rc1 70. Kf5 Bc5 71. Bxc5 Rxc5+ 72. Kf4 Rc1
73. Ne4 Rf1+ 74. Kg4 Kg7 75. Ng3 Ra1 76. Nf5+ Kf7 77. h6 Kg6 78. Nh4+ Kh7 79.
Kh5 Ra5 80. Ng6 Rf5 81. Ne7 Re5 82. Nc6 Rd5 83. Ne7 Re5 84. Ng6 Rf5 85. Nh4 Ra5
86. Nf3 Rb5 87. Nh2 Rb1 88. g6+ Kg8 89. Ng4 Rb5+ 90. Kh4 Rf5 91. Ne3 Ra5 92.
Kg4 Re5 93. Nf5 Re6 94. Kg5 Kh8 95. Ng3 Re7 96. Nh5 Re5+ 97. Kg4 Re6 98. Kf5
Re7 99. g7+ Kh7 100. Nf6+ Kxh6 101. g8=Q Re5+ 102. Kg4 1-0

[Event "BCF-ch 92nd"]
[Site "Douglas IOM"]
[Date "2005.08.11"]
[Round "10.16"]
[White "Mitchell, Martin"]
[Black "Pym, Thomas"]
[Result "1-0"]
[WhiteElo "2172"]
[BlackElo "2099"]
[PlyCount "133"]
[EventDate "2005.08.01"]

1. d4 Nf6 2. c4 c5 3. d5 b5 4. cxb5 a6 5. f3 d6 6. e4 g6 7. Na3 Bg7 8. Bd3 O-O
9. Ne2 axb5 10. Nxb5 e6 11. dxe6 fxe6 12. O-O Ne8 13. Kh1 d5 14. Nbc3 Nc6 15.
exd5 exd5 16. Bb5 Nb4 17. Be3 d4 18. Ne4 Nd6 19. Bg5 Qc7 20. Nxd6 Qxd6 21. Bc4+
Kh8 22. Qd2 Ba6 23. Bxa6 Qxa6 24. Be7 Rf5 25. Bxc5 Rxc5 26. Qxb4 Rc4 27. Qd2
Re8 28. b3 Rc7 29. Nf4 Rce7 30. Rae1 Re3 31. Nd5 Re2 32. Rxe2 Rxe2 33. Qb4 Re8
34. Qc4 Qxa2 35. Nf4 Qb2 36. Ne6 Bf6 37. Qc6 Rb8 38. Qd6 Ra8 39. Qc6 Rb8 40.
Qd6 Rc8 41. Qd7 Qc2 42. Nxd4 Qc1 43. Rg1 Qc7 44. Qg4 Rb8 45. Qe4 Qd7 46. Ne6
Re8 47. Nc5 Qb5 48. Qf4 Be5 49. Qf7 Rc8 50. Ne4 Qb8 51. g3 Rf8 52. Qe7 Bg7 53.
b4 Rxf3 54. Rd1 Rf8 55. Rd7 Qe5 56. Qxe5 Bxe5 57. Rd5 Bg7 58. Kg2 Rb8 59. b5
Bb2 60. Kf3 Rb7 61. Nd6 Rb8 62. Nc4 Bf6 63. b6 Bd8 64. b7 Bc7 65. Rb5 Kg7 66.
Ke4 Kf6 67. Kd5 1-0

[Event "BCF-ch 92nd"]
[Site "Douglas IOM"]
[Date "2005.08.11"]
[Round "10.17"]
[White "Cumbers, Paul"]
[Black "De Coverly, Roger"]
[Result "1-0"]
[WhiteElo "2118"]
[BlackElo "2086"]
[PlyCount "53"]
[EventDate "2005.08.01"]

1. e4 e5 2. Nf3 Nc6 3. d4 exd4 4. Nxd4 Bb4+ 5. c3 Bc5 6. Be3 Bb6 7. Qg4 Qf6 8.
Qg3 Nxd4 9. cxd4 Bxd4 10. Bxd4 Qxd4 11. Nc3 Ne7 12. Qxc7 O-O 13. Be2 Qb6 14.
Qxb6 axb6 15. O-O-O f5 16. e5 f4 17. Bc4+ Kh8 18. Nb5 Nc6 19. Rhe1 h6 20. a3
Rf5 21. Nd6 Rf8 22. Rd3 Ne7 23. b4 Nf5 24. Nxf5 Rxf5 25. e6 dxe6 26. Rd8+ Kh7
27. Rd4 1-0

[Event "BCF-ch 92nd"]
[Site "Douglas IOM"]
[Date "2005.08.11"]
[Round "10.18"]
[White "Chaplin, Peter"]
[Black "Eggleston, Thomas"]
[Result "1/2-1/2"]
[WhiteElo "2062"]
[BlackElo "2166"]
[PlyCount "52"]
[EventDate "2005.08.01"]

1. e4 e6 2. Qe2 Be7 3. d3 d5 4. Nd2 Nf6 5. g3 c5 6. Bg2 Nc6 7. Ngf3 b5 8. O-O
O-O 9. e5 Nd7 10. Re1 a5 11. Nf1 Ba6 12. h4 b4 13. Bf4 c4 14. dxc4 Bxc4 15. Qd1
a4 16. Ne3 Ba6 17. Bh3 Nc5 18. Ng4 a3 19. bxa3 bxa3 20. Ng5 Rb8 21. Nf6+ gxf6
22. Nxh7 Kxh7 23. Qh5+ Kg8 24. Qg4+ Kh7 25. Qh5+ Kg8 26. Qg4+ Kh7 1/2-1/2